Cambridge IGCSE and O level history : (Record no. 1611)
[ view plain ]
| 000 -LEADER | |
|---|---|
| fixed length control field | 01335nam a2200397 i 4500 |
| 001 - CONTROL NUMBER | |
| control field | 021136004 |
| 003 - CONTROL NUMBER IDENTIFIER | |
| control field | UkOxU |
| 005 - DATE AND TIME OF LATEST TRANSACTION | |
| control field | 20230116102150.0 |
| 008 - FIXED-LENGTH DATA ELEMENTS--GENERAL INFORMATION | |
| fixed length control field | 171030s2018 enka 001|0|eng|d |
| 015 ## - NATIONAL BIBLIOGRAPHY NUMBER | |
| National bibliography number | GBB7L5559 |
| Source | bnb |
| 016 7# - NATIONAL BIBLIOGRAPHIC AGENCY CONTROL NUMBER | |
| Record control number | 018608203 |
| Source | Uk |
| 020 ## - INTERNATIONAL STANDARD BOOK NUMBER | |
| International Standard Book Number | 9781108439497 |
| Qualifying information | paperback |
| 035 ## - SYSTEM CONTROL NUMBER | |
| System control number | (Uk)018608203 |
| 035 ## - SYSTEM CONTROL NUMBER | |
| System control number | (StEdALDL)1/3612713 |
| 040 ## - CATALOGING SOURCE | |
| Original cataloging agency | StDuBDS |
| Language of cataloging | eng |
| Description conventions | rda |
| Transcribing agency | StDuBDS |
| Modifying agency | UkOxU |
| -- | KH8 |
| 049 ## - LOCAL HOLDINGS (OCLC) | |
| Holding library | CROBAR |
| 082 04 - DEWEY DECIMAL CLASSIFICATION NUMBER | |
| Classification number | 909.82 GRE |
| Edition number | 23 |
| 100 1# - MAIN ENTRY--PERSONAL NAME | |
| Personal name | Grey, Paul |
| Titles and words associated with a name | (Teacher), |
| Relator term | author. |
| 245 10 - TITLE STATEMENT | |
| Title | Cambridge IGCSE and O level history : |
| Remainder of title | option B: the 20th century coursebook / |
| Statement of responsibility, etc. | Paul Grey, Rosemarie Little, Robin Mcpherson, John Etty and Graham Goodlad. |
| 250 ## - EDITION STATEMENT | |
| Edition statement | Second edition. |
| 264 #1 - PRODUCTION, PUBLICATION, DISTRIBUTION, MANUFACTURE, AND COPYRIGHT NOTICE | |
| Place of production, publication, distribution, manufacture | Cambridge : |
| Name of producer, publisher, distributor, manufacturer | Cambridge University Press, |
| Date of production, publication, distribution, manufacture, or copyright notice | 2018. |
| 264 #4 - PRODUCTION, PUBLICATION, DISTRIBUTION, MANUFACTURE, AND COPYRIGHT NOTICE | |
| Date of production, publication, distribution, manufacture, or copyright notice | ©2018 |
| 300 ## - PHYSICAL DESCRIPTION | |
| Extent | v, 288 pages : |
| Other physical details | illustrations ; |
| Dimensions | 28 cm |
| 336 ## - CONTENT TYPE | |
| Content type term | text |
| Source | rdacontent |
| 337 ## - MEDIA TYPE | |
| Media type term | unmediated |
| Source | rdamedia |
| 338 ## - CARRIER TYPE | |
| Carrier type term | volume |
| Source | rdacarrier |
| 490 1# - SERIES STATEMENT | |
| Series statement | Completely Cambridge |
| 500 ## - GENERAL NOTE | |
| General note | Includes index. |
| 650 #0 - SUBJECT ADDED ENTRY--TOPICAL TERM | |
| Topical term or geographic name entry element | History, Modern |
| General subdivision | Study and teaching (Higher) |
| 700 1# - ADDED ENTRY--PERSONAL NAME | |
| Personal name | Little, Rosemarie, |
| Relator term | author. |
| 700 1# - ADDED ENTRY--PERSONAL NAME | |
| Personal name | Mcpherson, Robin, |
| Relator term | author. |
| 700 1# - ADDED ENTRY--PERSONAL NAME | |
| Personal name | Etty, John, |
| Relator term | author. |
| 700 1# - ADDED ENTRY--PERSONAL NAME | |
| Personal name | Goodlad, Graham D. |
| Fuller form of name | (Graham David), |
| Dates associated with a name | 1964- |
| Relator term | author. |
| 830 #0 - SERIES ADDED ENTRY--UNIFORM TITLE | |
| Uniform title | Completely Cambridge. |
| 942 ## - ADDED ENTRY ELEMENTS (KOHA) | |
| Source of classification or shelving scheme | |
| Koha item type | Teaching Resources |
| Withdrawn status | Lost status | Source of classification or shelving scheme | Damaged status | Not for loan | Collection code | Permanent Location | Current Location | Shelving location | Date acquired | Total Checkouts | Full call number | Barcode | Date last seen | Date last checked out | Copy number | Price effective from | Koha item type |
|---|---|---|---|---|---|---|---|---|---|---|---|---|---|---|---|---|---|
| Teaching Resources | KH8 Senior School Library | KH8 Senior School Library | Staff Office | 2023-01-16 | 1 | 909.82 GRE | TRKHSL000195 | 2024-10-31 | 2023-01-18 | 4 | 2023-01-16 | Teaching Resources | |||||
| Teaching Resources | KH8 Senior School Library | KH8 Senior School Library | Staff Office | 2023-01-16 | 2 | 909.82 GRE | TRKHSL000196 | 2025-07-01 | 2024-11-04 | 5 | 2023-01-16 | Teaching Resources | |||||
| Teaching Resources | KH8 Senior School Library | KH8 Senior School Library | Staff Office | 2023-08-15 | 1 | 909.82 GRE | TRKHSL001953 | 2025-07-01 | 2024-11-04 | 6 | 2023-08-15 | Teaching Resources | |||||
| Teaching Resources | KH8 Senior School Library | KH8 Senior School Library | Staff Office | 2023-08-15 | 909.82 GRE | TRKHSL001954 | 2023-08-15 | 7 | 2023-08-15 | Teaching Resources | |||||||
| Teaching Resources | KH8 Senior School Library | KH8 Senior School Library | Staff Office | 2023-08-15 | 909.82 GRE | TRKHSL001955 | 2023-08-15 | 8 | 2023-08-15 | Teaching Resources | |||||||
| Teaching Resources | KH8 Senior School Library | KH8 Senior School Library | Staff Office | 2023-08-15 | 1 | 909.82 GRE | TRKHSL001956 | 2025-07-01 | 2024-11-04 | 9 | 2023-08-15 | Teaching Resources | |||||
| Teaching Resources | KH8 Senior School Library | KH8 Senior School Library | Staff Office | 2023-08-15 | 1 | 909.82 GRE | TRKHSL001957 | 2025-07-01 | 2024-11-04 | 10 | 2023-08-15 | Teaching Resources | |||||
| Teaching Resources | KH8 Senior School Library | KH8 Senior School Library | Staff Office | 2023-08-15 | 1 | 909.82 GRE | TRKHSL001959 | 2025-07-01 | 2024-11-04 | 12 | 2023-08-15 | Teaching Resources | |||||
| Teaching Resources | KH8 Senior School Library | KH8 Senior School Library | Staff Office | 2023-08-15 | 909.82 GRE | TRKHSL001960 | 2023-08-15 | 13 | 2023-08-15 | Teaching Resources | |||||||
| Teaching Resources | KH8 Senior School Library | KH8 Senior School Library | Staff Office | 2023-08-15 | 1 | 909.82 GRE | TRKHSL001961 | 2025-07-01 | 2024-11-04 | 14 | 2023-08-15 | Teaching Resources | |||||
| Teaching Resources | KH8 Senior School Library | KH8 Senior School Library | Staff Office | 2023-08-15 | 909.82 GRE | TRKHSL001962 | 2023-08-15 | 15 | 2023-08-15 | Teaching Resources | |||||||
| Teaching Resources | KH8 Senior School Library | KH8 Senior School Library | Staff Office | 2024-06-24 | 909.82 GRE | TRKHSL005531 | 2024-06-24 | 16 | 2024-06-24 | Teaching Resources | |||||||
| Teaching Resources | KH8 Senior School Library | KH8 Senior School Library | Staff Office | 2024-10-31 | 1 | 909.82 GRE | TRKHSL005960 | 2025-07-01 | 2024-11-04 | 17 | 2024-10-31 | Teaching Resources | |||||
| Teaching Resources | KH8 Senior School Library | KH8 Senior School Library | Staff Office | 2024-10-31 | 1 | 909.82 GRE | TRKHSL005961 | 2025-07-01 | 2024-11-04 | 18 | 2024-10-31 | Teaching Resources | |||||
| Teaching Resources | KH8 Senior School Library | KH8 Senior School Library | Staff Office | 2025-06-03 | 909.82 GRE | TRKHSL006304 | 2025-06-03 | 2025-06-03 | Teaching Resources | ||||||||
| Teaching Resources | KH8 Senior School Library | KH8 Senior School Library | Staff Office | 2025-07-14 | 909.82 GRE | TRKHSL004611 | 2025-07-14 | 2025-07-14 | Teaching Resources |